1st International Islamic Expo Brunei Darussalam 1422/ 2001 : Directory.
| Format: | Book |
|---|---|
| Published: |
Bandar Seri Bergawan:
1st International Islamic Expo Brunei,
2001.
|
| Subjects: |
| LEADER | 00495cam a2200133 7i4500 | ||
|---|---|---|---|
| 001 | 0000010147 | ||
| 005 | 20011002090000.0 | ||
| 090 | 0 | 0 | |a BRUN 381.1025 |b INT |
| 245 | 0 | 0 | |a 1st International Islamic Expo Brunei Darussalam 1422/ 2001 : |b Directory. |
| 260 | 0 | 0 | |a Bandar Seri Bergawan: |b 1st International Islamic Expo Brunei, |c 2001. |
| 300 | # | # | |a 175 p. |
| 650 | 0 | 0 | |a Islamic -- |x Exhibitions -- |z Brunei Darussalam |
| 651 | 0 | 0 | |a Brunei Darussalam |
| 999 | |a 0000012712 |b Directories |c Countries |e Business Information Centre | ||